[Event "High Wycombe e2e4 Major op"]
[Site "High Wycombe"]
[Date "2014.05.10"]
[Round "3"]
[White "Gardner, Joan"]
[Black "Kelly, John"]
[Result "0-1"]
[WhiteElo "1586"]
[BlackElo "1708"]
[PlyCount "70"]
[EventDate "2014.05.09"]
[EventType "swiss"]
[EventRounds "5"]
[EventCountry "ENG"]
[SourceTitle "EXT 2015"]
[Source "ChessBase"]
[SourceDate "2014.11.20"]
[SourceVersion "1"]
[SourceVersionDate "2014.11.20"]
[SourceQuality "1"]

1. d4 Nf6 2. Nf3 g6 3. h3 Bg7 4. Bf4 b6 5. e3 Bb7 6. Nbd2 d6 7. Bd3 Nbd7 8. Bh2 0-0 9. 0-0 Re8 10. c3 e5 11. dxe5 dxe5 12. Be2 c5 13. Qc2 Qc7 14. Rad1 Qc6 15. Nc4 Bf8 16. Rfe1 a6 17. Bf1 e4 18. Nce5 Qc8 19. Nxd7 Nxd7 20. Nd2 b5 21. Nb3 Ra7 22. Rd2 Ba8 23. Nc1 c4 24. Ne2 Nc5 25. Nd4 Nd3 26. Bxd3 exd3 27. Qd1 Qb7 28. f3 Bh6 29. f4 Qd5 30. Rf1 Rxe3 31. Nf3 Rae7 32. Kh1 Qf5 33. Nd4 Qxh3 34. Nf3 Qh5 35. Kg1 Bxf3 0-1